Castellano; primer curso /

Guardado en:
Autor Principal: García Elorrio, Aurelio
Formato: Libro
Publicado: Buenos Aires : Kapelusz, 1942
Edición:2a. ed.
Materias:
Etiquetas: Agregar Etiqueta
Sin Etiquetas, Sea el primero en etiquetar este registro!
LEADER 00501nam a22001695a 4500
001 CEM.cems002722
005 20060217000000.0
008 130507s1942##################000#0#####d
003 CEMS
082 0 4 |a 468 
100 1 |a García Elorrio, Aurelio 
245 1 0 |a Castellano; primer curso /  |c Aurelio García Elorrio 
250 |a 2a. ed. 
260 |a Buenos Aires :  |b Kapelusz,  |c 1942 
300 |a 308 p. 
653 |a Lengua y literatura 1er. año 
859 |a CEMS  |b BIB. CEMS - 11 de abril  |h 468  |i G165-1a2/I  |p 10242.81  |t Ej.1